| 000 | 00792nam a2200289Ia 4500 | ||
|---|---|---|---|
| 001 | Z_2922 | ||
| 003 | CHAP | ||
| 008 | 220113s19XX xx 000 0 und d | ||
| 010 | _a166005 | ||
| 040 | _cCHAP | ||
| 082 | _a636.3 N4 | ||
| 100 |
_aNebel, Ray L _9140034 |
||
| 245 |
_aNutrición, desordenes de salud y sus efectos en la reproducción del rebaño / _cpor Ray L Nebel y W. Dee Whittier |
||
| 260 |
_aBlacksburg, Va. : _bVirginia Polytechnic Institute, _c19XX |
||
| 300 | _ac.a. 95 h. | ||
| 440 | _a | ||
| 500 | _aFotocopía | ||
| 503 | _a | ||
| 650 |
_aGanado lanar _xEnfermedades I. Whittier, W. Dee II. t. _9140035 |
||
| 650 |
_aGanado lanar _xNutrición _945205 |
||
| 901 | _a636.3 N4 | ||
| 902 | _aA | ||
| 910 | _a19XX | ||
| 942 | _c1 | ||
| 942 | _cc1 | ||
| 999 |
_c166005 _d166005 |
||